| 000 | 00516nam a22001937a 4500 | ||
|---|---|---|---|
| 003 | LK-CoDNM | ||
| 005 | 20241010101648.0 | ||
| 008 | 241009b |||||||| |||| 00| 0 eng d | ||
| 040 |
_aLK-CoDNM _dLK-CoDNM _eLK-CoDNM |
||
| 041 | _asin | ||
| 080 |
_a105 _bKK6 |
||
| 100 | _aUnknown | ||
| 245 | _aගම්බද හෑල්ල | ||
| 260 |
_aසිසිර මුද්රණාලය _bකොළඹ |
||
| 300 | _a8p ; 23cm | ||
| 650 | _a105 KK6 | ||
| 650 | _aගම්බද හෑල්ල | ||
| 942 | _cBK | ||
| 999 |
_c218782 _d218782 |
||